00388cam a22001217a 4500008004000000082002000040100002500060245005000085260004800135300001000183440004200193650003100235180718b2005 xxu||||| |||| 00| 0 eng d aA81x54 01/01AHA aCensus of India 2001 aIndia: analytical report on housing amenities aDelhibThe Controller of Publicationsc2005 a164p. aCensus of India 2001. Series-1, India aCensus - Dwellings - India